Álgebra (Registro nro. 1409)
[ vista simple ]
| 000 -LEADER | |
|---|---|
| fixed length control field | 01154 a2200265 4500 |
| 001 - CONTROL NUMBER | |
| control field | 25626 |
| 005 - DATE AND TIME OF LATEST TRANSACTION | |
| control field | 20260407155540.0 |
| 008 - FIXED-LENGTH DATA ELEMENTS--GENERAL INFORMATION | |
| fixed length control field | 260407a1996 arg spa d |
| 003 - CONTROL NUMBER IDENTIFIER | |
| control field | AR-UNSa-BCEJYS |
| 040 ## - CATALOGING SOURCE | |
| Original cataloging agency | AR-UNSa-BCEJYS |
| Language of cataloging | spa |
| Transcribing agency | AR-UNSa-BCEJYS |
| 080 ## - UNIVERSAL DECIMAL CLASSIFICATION NUMBER | |
| Universal Decimal Classification number | 512 |
| Common auxiliary subdivision | Algebra |
| 020 ## - INTERNATIONAL STANDARD BOOK NUMBER | |
| International Standard Book Number | 968-880-680-3 |
| 100 1# - MAIN ENTRY--PERSONAL NAME | |
| Personal name | Sobel, Max A. |
| 245 10 - TITLE STATEMENT | |
| Title | Álgebra |
| 250 ## - EDITION STATEMENT | |
| Edition statement | 4a. ed |
| 264 #1 - PRODUCTION, PUBLICATION, DISTRIBUTION, MANUFACTURE, AND COPYRIGHT NOTICE | |
| Place of production, publication, distribution, manufacture | México : |
| Name of producer, publisher, distributor, manufacturer | Prentice-Hall Hispanoamericana |
| Date of production, publication, distribution, manufacture, or copyright notice | 1996 |
| 300 ## - PHYSICAL DESCRIPTION | |
| Extent | 590 p. |
| Dimensions | 26 cm. |
| 505 ## - FORMATTED CONTENTS NOTE | |
| Formatted contents note | 1. Fundamentos de álgebra - 2. Funciones lineales y cuadráticas con aplicaciones - 3. Funciones polinominales y racionales - 4. Círculos, otras curvas y el álgebra de las funciones - 5. Funciones exponenciales y logarítmicas - 6. Sistemas lineales, matrices y determinantes - 7. Secciones cónicas - 8. Sucesiones y series - 9. Permutaciones, combinaciones y probabilidad. |
| 590 ## - LOCAL NOTE (RLIN) | |
| Local note | niveau_biblio:m niveau_hierar:0 |
| 700 1# - ADDED ENTRY--PERSONAL NAME | |
| Personal name | Lerner, Norbert |
| 700 1# - ADDED ENTRY--PERSONAL NAME | |
| Personal name | González Pozo, Virgilio |
| 700 1# - ADDED ENTRY--PERSONAL NAME | |
| Personal name | Ibarra Mercado, Víctor Hugo |
| 856 41 - ELECTRONIC LOCATION AND ACCESS | |
| Uniform Resource Identifier | <a href="https://biblioeco.unsa.edu.ar/pmb/images/libros/Algebra 4ed.jpg">https://biblioeco.unsa.edu.ar/pmb/images/libros/Algebra 4ed.jpg</a> |
| Link text | Imagen de portada |
| Electronic format type | image/jpeg |
| 942 ## - ADDED ENTRY ELEMENTS (KOHA) | |
| Koha item type | |
| Withdrawn status | Lost status | Damaged status | Not for loan | Home library | Current library | Shelving location | Date acquired | Total checkouts | Full call number | Barcode | Date last seen | Price effective from | Koha item type |
|---|---|---|---|---|---|---|---|---|---|---|---|---|---|
| Biblioteca Prof. Eusebio Cleto del Rey | Biblioteca Prof. Eusebio Cleto del Rey | 07/04/2026 | 512 S677 4ed. | L87053 | 07/04/2026 | 07/04/2026 | Libro | ||||||
| Biblioteca Prof. Eusebio Cleto del Rey | Biblioteca Prof. Eusebio Cleto del Rey | 07/04/2026 | 512 S677 4ed. | L87052 | 07/04/2026 | 07/04/2026 | Libro | ||||||
| Biblioteca Prof. Eusebio Cleto del Rey | Biblioteca Prof. Eusebio Cleto del Rey | 07/04/2026 | 512 S677 4ed. | L86615 | 07/04/2026 | 07/04/2026 | Libro | ||||||
| Biblioteca Prof. Eusebio Cleto del Rey | Biblioteca Prof. Eusebio Cleto del Rey | 07/04/2026 | 512 S677 4ed. | L87051 | 07/04/2026 | 07/04/2026 | Libro | ||||||
| Biblioteca Prof. Eusebio Cleto del Rey | Biblioteca Prof. Eusebio Cleto del Rey | 07/04/2026 | 512 S677 4ed. | L86617 | 07/04/2026 | 07/04/2026 | Libro | ||||||
| Biblioteca Prof. Eusebio Cleto del Rey | Biblioteca Prof. Eusebio Cleto del Rey | 07/04/2026 | 512 S677 4ed. | L86616 | 07/04/2026 | 07/04/2026 | Libro |